header

Democracy and the management of information (Record no. 70738)

MARC details
000 -LEADER
fixed length control field 01127nam a2200289Ia 4500
245 00 - TITLE STATEMENT
Title Democracy and the management of information
260 ## - PUBLICATION, DISTRIBUTION, ETC. (IMPRINT)
Place of publication [Bradford, England] :
Name of publisher Emerald Group Pub.,
Year of publication 2004.
300 ## - PHYSICAL DESCRIPTION
Number of Pages 86 p. :
Other physical details ill.
490 1# - SERIES STATEMENT
Series statement Library management ;
650 #0 - SUBJECT ADDED ENTRY--TOPICAL TERM
Topical Term Democracy.
Topical Term Political science.
Topical Term Libraries.
856 40 - ELECTRONIC LOCATION AND ACCESS
Uniform Resource Identifier http://site.ebrary.com/lib/rucke/Doc?id=10058600

No items available.

© 2026 Rongo University
Contact us: librarian | system librarian | Rongo university